Detalles MARC
| 000 -LIDER |
| fixed length control field |
01060nam a22002777a 4500 |
| 001 - NÚMERO DE CONTROL |
| Identificador de número de control |
23565 |
| 003 - IDENTIFICACDOR DE NÚMERO DE CONTROL |
| control field |
DO-SdBNP |
| 005 - DATE AND TIME OF LATEST TRANSACTION |
| control field |
20180315105603.0 |
| 007 - CAMPOS FIJOS DE DESCRIPCIÓN FÍSICA |
| fixed length control field |
23566 |
| 008 - ELEMENTOS DE LONGITUD FIJA |
| fixed length control field |
160509b 2013 dr ||||| |||| 00| 0 spa d |
| 040 ## - FUENTE DE CATALOGACIÓN |
| Agencia que crea de manera original el registro |
BPMSU |
| Idioma de catalogación |
spa |
| Agencia que realiza la transcripción |
BPMSU |
| 245 ## - MENCIÓN DE TITULO |
| Título |
Módulo III: |
| Subtítulo |
primer ciclo de educación básica de personas jóvenes y adultas / |
| Mención de responsabilidad |
producción Sardis Medrano Cabral, Midalma López ; coordinación Mirían Camilo Recio ; ilustración Ramón L. Sandoval |
| 260 ## - PUBLICACIÓN, DISTRIBUCIÓN, ETC. (PIE DE IMPRENTA) |
| Lugar de publicación, distribución, etc |
Santo Domingo : |
| Nombre del editor, distribuidor, etc. |
Ministerio de Educación |
| Fecha de publicación, distribución, etc |
2013 |
| 300 ## - DESCRIPCIÓN FÍSICA |
| Extensión |
160 p. : |
| Otros detalles físicos |
il. ; |
| Dimensiones |
29 cm. |
| 500 ## - NOTA GENERAL |
| Nota general |
Contiene la guía metodológica para docentes y facilitadores |
| 505 ## - NOTA DE CONTENIDO |
| Texto normalizado de contenido |
Módulo III : |
| Título |
La comunidad |
| 700 ## - ASIENTO SECUNDARIO -- NOMBRE PERSONAL |
| Nombre personal |
Medrano Cabral, Sardis |
| 700 ## - ASIENTO SECUNDARIO -- NOMBRE PERSONAL |
| Nombre personal |
López, Midalma |
| 700 ## - ASIENTO SECUNDARIO -- NOMBRE PERSONAL |
| Nombre personal |
Sandoval, Ramón L. |
| Mención de responsabilidad |
il. |
| 700 ## - ASIENTO SECUNDARIO -- NOMBRE PERSONAL |
| Nombre personal |
Camilo Recio, Miriam |
| Mención de responsabilidad |
coord. |
| 700 ## - ASIENTO SECUNDARIO -- NOMBRE PERSONAL |
| Nombre personal |
|
| Mención de responsabilidad |
|
| 710 ## - ASIENTO SECUNDARIO -- NOMBRE CORPORATIVO |
| Nombre corporativo o de jurisdicción |
República Dominicana |
| Unidad subordinada |
Ministerio de Educación |
| 942 ## - ADDED ENTRY ELEMENTS (KOHA) |
| Source of classification or shelving scheme |
Dewey Decimal Classification |
| Koha item type |
Libros |
| 945 ## - INFORMACIÓN DE PROCESAMIENTO LOCAL |
| Información de procesamiento local |
Remanejado para la BNPHU / 2018 VM |
| 956 ## - LOCAL ELECTRONIC LOCATION AND ACCESS (OCLC) |
| Método de acceso |
VMATEO |
| Materiales especificados |
10 |
| Enlace |
20160509 |
| Campo enlazado y núm. de secuencia |
BPMSU |
| Nombre de host |
0069 |